000 00540nam a2200181Ia 4500
008 151202s9999||||xx |||||||||||||| ||und||
082 _bPNVM-68838
100 _aसावंत हेमंत.
245 _aकालकूट.
260 _b"आनंद प्रकाशन, कोल्हापूर."
260 _c68838
300 _a268
600 _aसावंत हेमंत.
630 _aकालकूट.
700 _aसावंत हेमंत.
730 _aकालकूट.
942 _cBOOK
999 _c1335348
_d1335345